Statystyki dla POPULARNE MIEJSCA NA RANDKĘ:

Kliknij tutaj aby rozwiązać quiz!

Ogólne statystyki

  • Ten quiz został rozwiązany 67 razy
  • Średni wynik to 4 z 6

Statystyki odpowiedzi

Odpowiedź% Poprawnych
RESTAURACJA
98%
PARK
90%
KINO
88%
BAR
45%
TEATR
41%
IMPREZA
12%

Rozkład punktacji

Percentyl według liczby udzielonych odpowiedzi

Procent ludzi z każdym wynikiem

Twoja historia wyników

Nie rozwiązałeś tego quizu